[Event "Int. Stuttgarter Stadtmeisterschaft A"]
[Site "Ditzingen"]
[Date "2016.05.06"]
[Round "3.40"]
[White "Döring, Stefan"]
[Black "Schulz, Jens Peter"]
[Result "1-0"]
[WhiteElo "1945"]
[BlackElo "1850"]
[PlyCount "69"]
[EventDate "2016.??.??"]
[WhiteTeam "SC Tamm"]
[BlackTeam "SV Dicker Turm Esslingen"]

1. Nf3 d5 2. d4 Nc6 3. c4 Nf6 4. cxd5 Qxd5 5. Nc3 Qa5 6. e3 Bg4 7. Bb5 e6 8.
Bxc6+ bxc6 9. Qa4 Qxa4 10. Nxa4 Bxf3 11. gxf3 Rb8 12. Bd2 Nd5 13. Rc1 Kd7 14.
Ke2 Nb6 15. Nc5+ Bxc5 16. dxc5 Nd5 17. e4 Nf6 18. Bc3 Ke7 19. Rhg1 g6 20. b3
Rhd8 21. Be5 Rd7 22. Rgd1 Rbd8 23. Rxd7+ Rxd7 24. Rc4 Nh5 25. Ra4 f6 26. Bg3
Nxg3+ 27. fxg3 a5 28. Rxa5 f5 29. exf5 gxf5 30. Ra7 e5 31. a4 Ke6 32. a5 e4 33.
fxe4 fxe4 34. a6 Rd3 35. Rb7 1-0

[Event "Int. Stuttgarter Stadtmeisterschaft A"]
[Site "Ditzingen"]
[Date "2016.05.06"]
[Round "3.41"]
[White "Lebiedz, Oliver"]
[Black "Nettelbeck, Jann"]
[Result "0-1"]
[WhiteElo "1914"]
[BlackElo "1821"]
[PlyCount "64"]
[EventDate "2016.??.??"]
[WhiteTeam "SK Rotenburg"]
[BlackTeam "SC Bad Bergzabern"]

1. d4 Nf6 2. Nf3 g6 3. b3 c5 4. e3 cxd4 5. exd4 Bg7 6. Bb2 d5 7. Bd3 Bg4 8.
Nbd2 Nc6 9. O-O O-O 10. a3 Qc7 11. Re1 Rfd8 12. h3 Bxf3 13. Nxf3 Rac8 14. Qe2
e6 15. Rac1 Qb6 16. Qe3 Ne4 17. Ne5 Nxe5 18. dxe5 Qxe3 19. fxe3 Nc3 20. e4 Bxe5
21. exd5 Bd4+ 22. Kh1 Rxd5 23. Bc4 Rf5 24. Rcd1 e5 25. Rd3 Bf2 26. Rxc3 Rxc4
27. Rxc4 Bxe1 28. Rc7 Bg3 29. Kg1 f6 30. Rxb7 Rf2 31. Bc1 Re2 32. Rb8+ Kf7 0-1

[Event "Int. Stuttgarter Stadtmeisterschaft A"]
[Site "Ditzingen"]
[Date "2016.05.06"]
[Round "3.42"]
[White "Baumeister, Jürgen"]
[Black "Wohlfahrt, Michael"]
[Result "0-1"]
[WhiteElo "1814"]
[BlackElo "1909"]
[PlyCount "82"]
[EventDate "2016.??.??"]
[WhiteTeam "SC Asperg"]
[BlackTeam "TSF Welzheim"]

1. e4 c5 2. d4 cxd4 3. Nf3 e5 4. c3 dxc3 5. Nxc3 Nc6 6. Bc4 h6 7. Qd5 Qf6 8.
O-O Bb4 9. Nb5 Nge7 10. Qd3 O-O 11. Rd1 a6 12. Nc7 Rb8 13. a3 Ba5 14. Nd5 Nxd5
15. exd5 Nd4 16. Nxd4 exd4 17. Qg3 d6 18. Bf4 Bc7 19. Rac1 Rd8 20. Bd3 Bb6 21.
Re1 Bf5 22. Bxf5 Qxf5 23. Bxh6 Qg6 24. Qxg6 fxg6 25. Bg5 Rd7 26. Re7 Rxe7 27.
Bxe7 Re8 28. Bxd6 Re2 29. Kf1 Rxb2 30. Rc8+ Kh7 31. Bb4 d3 32. g3 Rxf2+ 33. Ke1
Rxh2 34. d6 Be3 35. Kf1 d2 36. Bxd2 Rxd2 37. Rc7 b5 38. d7 Bg5 39. Ke1 Rd6 40.
Ra7 Kg8 41. Rc7 Bd8 0-1

[Event "Int. Stuttgarter Stadtmeisterschaft A"]
[Site "Ditzingen"]
[Date "2016.05.06"]
[Round "4.1"]
[White "Wenninger, Philipp"]
[Black "Ivanisevic, Ivan"]
[Result "1/2-1/2"]
[WhiteElo "2352"]
[BlackElo "2646"]
[PlyCount "31"]
[EventDate "2016.??.??"]
[WhiteTeam "SC Erlangen"]

1. d4 Nf6 2. c4 e6 3. Nc3 Bb4 4. e3 c5 5. Nge2 b6 6. a3 Ba5 7. Rb1 Na6 8. g3
cxd4 9. exd4 Bb7 10. d5 Bxc3+ 11. Nxc3 O-O 12. Bg2 Qc7 13. Qd4 Rac8 14. Bg5
Qxc4 15. Bxf6 gxf6 16. Qxf6 1/2-1/2

[Event "Int. Stuttgarter Stadtmeisterschaft A"]
[Site "Ditzingen"]
[Date "2016.05.06"]
[Round "4.2"]
[White "Ikonnikov, Vyacheslav"]
[Black "Flick, Antoine"]
[Result "1-0"]
[WhiteElo "2545"]
[BlackElo "2319"]
[PlyCount "63"]
[EventDate "2016.??.??"]
[WhiteTeam "SF Bad Mergentheim"]
[BlackTeam "SC Heitersheim"]

1. Nf3 Nf6 2. c4 g6 3. Nc3 d5 4. cxd5 Nxd5 5. Qa4+ c6 6. Nxd5 Qxd5 7. e4 Qd6 8.
d4 Bg7 9. Be2 O-O 10. Be3 Nd7 11. O-O Nb6 12. Qc2 Bg4 13. Rfd1 f5 14. e5 Qd7
15. h3 Bh5 16. Qc1 f4 17. Bxf4 Nd5 18. Bg3 Bxf3 19. Bxf3 Rxf3 20. gxf3 Qxh3 21.
Qg5 Qe6 22. Qg4 Qf7 23. e6 Qf8 24. Rd3 Rd8 25. Rb3 Nb6 26. Be5 Bxe5 27. dxe5
Rd5 28. Re1 Kg7 29. Kg2 Ra5 30. a3 Rd5 31. Re4 Qf5 32. Rf4 1-0

[Event "Int. Stuttgarter Stadtmeisterschaft A"]
[Site "Ditzingen"]
[Date "2016.05.06"]
[Round "4.3"]
[White "Schmidt, Tobias"]
[Black "Maiorov, Nikita"]
[Result "1/2-1/2"]
[WhiteElo "2221"]
[BlackElo "2538"]
[PlyCount "59"]
[EventDate "2016.??.??"]
[WhiteTeam "SC Erdmannhausen"]

1. e4 g6 2. d4 Bg7 3. Nc3 d6 4. f4 Nc6 5. Be3 Nf6 6. Nf3 Bg4 7. Be2 Nd7 8. d5
Ncb8 9. h3 Bxf3 10. Bxf3 c6 11. O-O Nb6 12. Bd4 O-O 13. Bxg7 Kxg7 14. Qe2 N8d7
15. Rad1 Qc7 16. Kh1 Rfe8 17. Rfe1 cxd5 18. Nxd5 Nxd5 19. Rxd5 Nf6 20. Rd3 e5
21. Qd2 d5 22. f5 Rac8 23. c3 Qb6 24. g4 dxe4 25. Bxe4 Rcd8 26. Rxd8 Rxd8 27.
Qg2 Rd7 28. Bf3 g5 29. Rxe5 Qd8 30. Re2 1/2-1/2

[Event "Int. Stuttgarter Stadtmeisterschaft A"]
[Site "Ditzingen"]
[Date "2016.05.06"]
[Round "4.4"]
[White "Teske, Henrik"]
[Black "Kabisch, Thilo"]
[Result "1/2-1/2"]
[WhiteElo "2487"]
[BlackElo "2309"]
[PlyCount "29"]
[EventDate "2016.??.??"]
[WhiteTeam "SC Remagen"]
[BlackTeam "SK Schmiden/Cannstatt"]

1. d4 Nf6 2. c4 g6 3. Nc3 Bg7 4. e4 d6 5. Bd3 Nc6 6. Nge2 O-O 7. f3 e5 8. d5
Nb4 9. Bg5 c5 10. a3 Nxd3+ 11. Qxd3 h6 12. Be3 Nh7 13. h4 f5 14. Qd2 f4 15. Bf2
1/2-1/2

[Event "Int. Stuttgarter Stadtmeisterschaft A"]
[Site "Ditzingen"]
[Date "2016.05.06"]
[Round "4.5"]
[White "Aring, Gerd"]
[Black "Niklasch, Oliver"]
[Result "0-1"]
[WhiteElo "2192"]
[BlackElo "2319"]
[PlyCount "82"]
[EventDate "2016.??.??"]
[WhiteTeam "SV Nürtingen"]
[BlackTeam "SK Schmiden/Cannstatt"]

1. d4 e6 2. Nf3 Nf6 3. e3 b6 4. Bd3 Bb7 5. O-O Be7 6. c4 O-O 7. Nc3 d5 8. cxd5
Nxd5 9. a3 c5 10. Nxd5 Qxd5 11. e4 Qh5 12. Qe2 cxd4 13. Nxd4 Qxe2 14. Nxe2 Rd8
15. Bc2 Ba6 16. Re1 Nc6 17. Be3 Ne5 18. Bd4 Nd3 19. Bxd3 Bxd3 20. Bc3 Bxe4 21.
Nf4 Bf5 22. Nh5 Bf8 23. h3 Rac8 24. g4 Bd3 25. Kg2 Ba6 26. Rad1 Bb7+ 27. Kg3
Bd5 28. Rd4 Bd6+ 29. f4 f6 30. Kh4 Bc5 31. Rd2 Bb3 32. Rg2 Kf7 33. g5 Bd4 34.
gxf6 g6 35. Ng3 Rxc3 36. bxc3 Bxf6+ 37. Kg4 Bd1+ 38. Ne2 Rd3 39. f5 gxf5+ 40.
Kf4 Bh4 41. Reg1 Kf6 0-1

[Event "Int. Stuttgarter Stadtmeisterschaft A"]
[Site "Ditzingen"]
[Date "2016.05.06"]
[Round "4.6"]
[White "Schröder, Kevin"]
[Black "Krockenberger, Martin"]
[Result "0-1"]
[WhiteElo "2361"]
[BlackElo "2208"]
[PlyCount "110"]
[EventDate "2016.??.??"]
[WhiteTeam "SC Hansa Dortmund"]
[BlackTeam "SK Schmiden/Cannstatt"]

1. e4 e6 2. d4 d5 3. Nc3 Bb4 4. Nge2 Nf6 5. e5 Nfd7 6. a3 Be7 7. f4 c5 8. Be3
Nc6 9. dxc5 Bxc5 10. Qd2 O-O 11. O-O-O Qe7 12. Nd4 Nb6 13. Nb3 Bxe3 14. Qxe3
Bd7 15. Qc5 Rfc8 16. Qxe7 Nxe7 17. h4 Rc7 18. Bd3 Na4 19. Nxa4 Bxa4 20. Nd4 a6
21. Rh3 Bd7 22. g4 Nc6 23. Nf3 Rf8 24. g5 Ne7 25. h5 Rfc8 26. Kb1 Rc5 27. Nd4
R5c7 28. Rg1 Nc6 29. Nf3 Ne7 30. c3 Rc6 31. Nh2 R6c7 32. Ng4 Kh8 33. g6 Nf5 34.
gxf7 Bb5 35. Bxf5 exf5 36. Nh6 gxh6 37. e6 Be2 38. Re3 Bxh5 39. Re5 Re7 40.
Rxf5 Bg6 41. Rxg6 hxg6 42. f8=Q+ Rxf8 43. Rxf8+ Kg7 44. Rd8 Kf6 45. Rxd5 Rxe6
46. c4 h5 47. Rd8 Kf5 48. Rd7 b6 49. b4 Kxf4 50. c5 bxc5 51. bxc5 Rc6 52. Rd6
Rxc5 53. Rxg6 a5 54. Kb2 h4 55. Kb3 Rh5 0-1

[Event "Int. Stuttgarter Stadtmeisterschaft A"]
[Site "Ditzingen"]
[Date "2016.05.06"]
[Round "4.7"]
[White "Tuncer, Ufuk"]
[Black "Maisch, Julian"]
[Result "1/2-1/2"]
[WhiteElo "2292"]
[BlackElo "2108"]
[PlyCount "77"]
[EventDate "2016.??.??"]
[WhiteTeam "SK Sontheim/Brenz"]
[BlackTeam "SF Kornwestheim"]

1. e4 c5 2. Nf3 e6 3. d4 cxd4 4. Nxd4 Nc6 5. Nc3 Qc7 6. Be3 a6 7. Qf3 d6 8.
O-O-O Nf6 9. Be2 Nxd4 10. Rxd4 b5 11. Kb1 Bb7 12. Rhd1 e5 13. R4d2 h6 14. g4
Be7 15. Qg2 b4 16. Nd5 Nxd5 17. exd5 Bg5 18. Qe4 Bxe3 19. fxe3 Qb6 20. Rf1 Rf8
21. h3 O-O-O 22. Rc1 Kb8 23. c3 bxc3 24. Rxc3 Rc8 25. Rb3 Qa5 26. Qd3 Ka7 27.
e4 Rc7 28. a3 Rfc8 29. Ka2 f6 30. Rb4 Rc1 31. Qb3 R8c7 32. Rd1 Rxd1 33. Qxd1
Bc8 34. Qd2 Qc5 35. Qd3 Qc2 36. Qe3+ Qc5 37. Qd3 Qc2 38. Qe3+ Qc5 39. Qd3
1/2-1/2

[Event "Int. Stuttgarter Stadtmeisterschaft A"]
[Site "Ditzingen"]
[Date "2016.05.06"]
[Round "4.8"]
[White "Schulte, Torsten"]
[Black "Neyman, Igor"]
[Result "1/2-1/2"]
[WhiteElo "2139"]
[BlackElo "2262"]
[PlyCount "33"]
[EventDate "2016.??.??"]
[BlackTeam "Stuttgarter SF"]

1. d4 d5 2. c4 c6 3. Nf3 dxc4 4. e3 Be6 5. a4 Nf6 6. Na3 c5 7. Bxc4 Bxc4 8.
Nxc4 e6 9. O-O Nc6 10. dxc5 Bxc5 11. b3 Qxd1 12. Rxd1 Ke7 13. Bb2 Rhd8 14. Nfe5
Nxe5 15. Bxe5 Bb4 16. Kf1 Ne8 17. Ke2 1/2-1/2

[Event "Int. Stuttgarter Stadtmeisterschaft A"]
[Site "Ditzingen"]
[Date "2016.05.06"]
[Round "4.9"]
[White "Ott, Florian"]
[Black "Wettengel, Alexander"]
[Result "1-0"]
[WhiteElo "2255"]
[BlackElo "2105"]
[PlyCount "81"]
[EventDate "2016.??.??"]
[WhiteTeam "SC Forchheim"]
[BlackTeam "Stuttgarter SF"]

1. d4 e6 2. c4 d5 3. Nc3 Bb4 4. e3 Nf6 5. a3 Bxc3+ 6. bxc3 c5 7. cxd5 exd5 8.
Bd3 O-O 9. Ne2 Re8 10. O-O Nc6 11. f3 cxd4 12. cxd4 b6 13. Ng3 Bb7 14. Ra2 Na5
15. Re2 Rc8 16. Qe1 Nc4 17. Qf2 Nd6 18. Bb2 Rc7 19. Rfe1 Rce7 20. a4 Bc6 21.
Ba3 Re6 22. Nf5 Nxf5 23. Bxf5 Bxa4 24. Bxe6 Rxe6 25. Kh1 Bb3 26. g4 Bc4 27. Rc2
h6 28. Qg3 b5 29. Rg2 Qa5 30. Bc1 Ne8 31. Reg1 Qb6 32. Qh3 g5 33. Qg3 b4 34. h4
Qd6 35. Qh3 Kg7 36. Rh2 gxh4 37. Qxh4 Qe7 38. g5 Bd3 39. e4 dxe4 40. d5 Re5 41.
Qxh6+ 1-0

[Event "Int. Stuttgarter Stadtmeisterschaft A"]
[Site "Ditzingen"]
[Date "2016.05.06"]
[Round "4.10"]
[White "Gustain, Marc"]
[Black "Baenziger, Fabian"]
[Result "0-1"]
[WhiteElo "2133"]
[BlackElo "2248"]
[PlyCount "56"]
[EventDate "2016.??.??"]
[WhiteTeam "SF Deizisau"]

1. d4 Nf6 2. Nc3 e6 3. e4 d5 4. Bg5 Bb4 5. exd5 exd5 6. Qf3 c6 7. Bxf6 Qxf6 8.
Qxf6 gxf6 9. Nge2 h5 10. O-O-O h4 11. Rd3 Nd7 12. Nd1 Nf8 13. Ne3 Nh7 14. g3
Ng5 15. Rb3 a5 16. g4 Bd6 17. a4 Kd8 18. h3 Kc7 19. Bg2 Re8 20. f4 Ne4 21. Bxe4
Rxe4 22. f5 b6 23. Kd2 Ba6 24. Rd1 Rae8 25. Re1 Bxe2 26. Rxe2 Rxd4+ 27. Ke1
Rde4 28. Kf2 d4 0-1

[Event "Int. Stuttgarter Stadtmeisterschaft A"]
[Site "Ditzingen"]
[Date "2016.05.06"]
[Round "4.11"]
[White "Dudek, Richard"]
[Black "Schönberger, Peter"]
[Result "0-1"]
[WhiteElo "2230"]
[BlackElo "2088"]
[PlyCount "70"]
[EventDate "2016.??.??"]
[WhiteTeam "SC Eppingen"]
[BlackTeam "SCHWARMSTE"]

1. e4 e5 2. Nf3 Nc6 3. Bb5 a6 4. Ba4 Nf6 5. O-O Be7 6. Re1 b5 7. Bb3 O-O 8. h3
d6 9. c3 Na5 10. Bc2 c5 11. d4 Qc7 12. Nbd2 Rb8 13. Nf1 b4 14. cxb4 cxb4 15. b3
Nd7 16. Bb2 Bf6 17. Ne3 Re8 18. Nd5 Qd8 19. Bd3 Nc6 20. Rc1 Nxd4 21. Nxd4 exd4
22. Nc7 Rf8 23. Bxa6 Nc5 24. Bxc8 Qxc7 25. Bg4 Qa7 26. Ra1 Ne6 27. a4 bxa3 28.
Rxa3 Qb6 29. Qa1 Rbc8 30. Ra6 Qxb3 31. Rxd6 Rc2 32. Bxe6 fxe6 33. Bxd4 Rxf2 34.
e5 Ra2 35. Qb1 Qg3 0-1

[Event "Int. Stuttgarter Stadtmeisterschaft A"]
[Site "Ditzingen"]
[Date "2016.05.06"]
[Round "4.12"]
[White "Karimi, Farhad"]
[Black "Denisow, Jewgeny"]
[Result "1/2-1/2"]
[WhiteElo "2095"]
[BlackElo "2222"]
[PlyCount "104"]
[EventDate "2016.??.??"]
[WhiteTeam "Satranç Club"]
[BlackTeam "SG Schwäbisch Gmünd"]

1. d4 b5 2. e3 Bb7 3. Nf3 a6 4. Bd3 Nf6 5. O-O e6 6. Nbd2 Be7 7. b3 O-O 8. Bb2
c5 9. Qe2 cxd4 10. exd4 d6 11. Rad1 Nbd7 12. Rfe1 Nd5 13. Be4 N7f6 14. c4 bxc4
15. bxc4 Nxe4 16. Nxe4 Nf6 17. d5 exd5 18. Nc5 dxc5 19. Qxe7 Qxe7 20. Rxe7 Bc6
21. Bxf6 gxf6 22. cxd5 Rfd8 23. d6 Ba4 24. Rd2 Rab8 25. h3 Rb6 26. Rc7 Rdxd6
27. Rxd6 Rxd6 28. Rxc5 Rd1+ 29. Kh2 Kf8 30. Nh4 Rd2 31. Nf5 Bd7 32. Kg3 Rxa2
33. Ne3 Be6 34. Nd5 Bxd5 35. Rxd5 Re2 36. Ra5 Re6 37. f3 Kg7 38. Kf2 Kg6 39. g4
Rb6 40. Kg3 f5 41. Rxf5 Rb5 42. Rf4 Ra5 43. Rc4 Ra1 44. Rc6+ Kg7 45. g5 a5 46.
h4 a4 47. h5 a3 48. Ra6 a2 49. Kf4 h6 50. gxh6+ Kh7 51. Kf5 Rf1 52. Rxa2 Rxf3+
1/2-1/2

[Event "Int. Stuttgarter Stadtmeisterschaft A"]
[Site "Ditzingen"]
[Date "2016.05.06"]
[Round "4.13"]
[White "Kröger, Fabian"]
[Black "Gabriel, Josef"]
[Result "1-0"]
[WhiteElo "2170"]
[BlackElo "2073"]
[PlyCount "67"]
[EventDate "2016.??.??"]
[WhiteTeam "SC Kreut"]
[BlackTeam "Stuttgarter SF"]

1. e4 c6 2. d4 d5 3. Nd2 dxe4 4. Nxe4 Bf5 5. Ng3 Bg6 6. h4 h6 7. Nf3 Nd7 8. h5
Bh7 9. Bd3 Bxd3 10. Qxd3 Ngf6 11. Bd2 e6 12. O-O-O Qc7 13. Ne4 Be7 14. Kb1
O-O-O 15. c4 Ne5 16. Nxe5 Qxe5 17. dxe5 Rxd3 18. exf6 gxf6 19. Bc3 Rxd1+ 20.
Rxd1 Rg8 21. g3 f5 22. Nd6+ Bxd6 23. Rxd6 Rg5 24. Bf6 Rxh5 25. Rd8+ Kc7 26. Rf8
Rh1+ 27. Kc2 Rf1 28. Rxf7+ Kd6 29. Bd4 b6 30. f4 b5 31. cxb5 c5 32. Be5+ Kd5
33. Kb3 Rf3+ 34. Ka4 1-0

[Event "Int. Stuttgarter Stadtmeisterschaft A"]
[Site "Ditzingen"]
[Date "2016.05.06"]
[Round "4.14"]
[White "Schwab, Matthias"]
[Black "Germer, Philipp"]
[Result "1/2-1/2"]
[WhiteElo "2126"]
[BlackElo "2180"]
[PlyCount "83"]
[EventDate "2016.??.??"]
[WhiteTeam "SC Böblingen"]
[BlackTeam "SC Oberwinden"]

1. d4 Nf6 2. c4 e6 3. Nc3 Bb4 4. e3 b6 5. Nge2 Bb7 6. a3 Be7 7. d5 O-O 8. g3
exd5 9. cxd5 d6 10. Bg2 a5 11. O-O c5 12. dxc6 Bxc6 13. Nd4 Bxg2 14. Kxg2 d5
15. Qf3 Bc5 16. Rd1 Ra7 17. Ncb5 Re7 18. b4 axb4 19. axb4 Bxb4 20. Bb2 Re4 21.
Nf5 Nbd7 22. Nxg7 Ne5 23. Bxe5 Rxe5 24. Nf5 Ne4 25. Qg4+ Qg5 26. Qxg5+ Nxg5 27.
Nh6+ Kg7 28. f4 Kxh6 29. fxe5 Bc5 30. Rxd5 Bxe3 31. Nd6 Kg6 32. Rf1 Ra8 33.
Rf6+ Kh5 34. Nxf7 Ra2+ 35. Kf1 Ne4 36. e6+ Kg4 37. Ne5+ Kh3 38. Rf7 h6 39. e7
Nc3 40. Rd1 Rxh2 41. Ke1 Re2+ 42. Kf1 1/2-1/2

[Event "Int. Stuttgarter Stadtmeisterschaft A"]
[Site "Ditzingen"]
[Date "2016.05.06"]
[Round "4.15"]
[White "Gabriel, Robert"]
[Black "Büter, Norbert"]
[Result "1-0"]
[WhiteElo "2176"]
[BlackElo "2053"]
[PlyCount "27"]
[EventDate "2016.??.??"]
[WhiteTeam "Stuttgarter SF"]
[BlackTeam "SpVgg Rommelshausen"]

1. d4 d6 2. e4 Nf6 3. Nc3 c6 4. a4 Qc7 5. h3 e5 6. Be3 Be7 7. dxe5 dxe5 8. Bc4
Nbd7 9. Nf3 O-O 10. Qe2 Nc5 11. Ng5 h6 12. Nxf7 Rxf7 13. Bxf7+ Kxf7 14. Bxc5
1-0

[Event "Int. Stuttgarter Stadtmeisterschaft A"]
[Site "Ditzingen"]
[Date "2016.05.06"]
[Round "4.16"]
[White "Schallner, Marc"]
[Black "Braun, Joachim"]
[Result "0-1"]
[WhiteElo "1975"]
[BlackElo "2165"]
[PlyCount "84"]
[EventDate "2016.??.??"]
[WhiteTeam "SF Kornwestheim"]
[BlackTeam "SF Birkenfeld"]

1. e4 c5 2. Nf3 e6 3. d4 cxd4 4. Nxd4 Nc6 5. Nc3 Qc7 6. Nxc6 bxc6 7. Bd3 Nf6 8.
O-O Be7 9. Qe2 d6 10. f4 Nd7 11. b3 Bf6 12. Bb2 O-O 13. Na4 Bxb2 14. Nxb2 e5
15. fxe5 Nxe5 16. Nc4 Re8 17. Qd2 a5 18. a4 Qa7+ 19. Kh1 Qd4 20. Rad1 Bg4 21.
Nxe5 Qxe5 22. Rde1 Be6 23. Rf3 h6 24. Rg3 Kh8 25. Rge3 Rab8 26. Qf2 Rb4 27. Qg3
Qxg3 28. Rxg3 Kg8 29. Kg1 Bd7 30. Rge3 Re5 31. Bc4 Kf8 32. Kf2 Ke7 33. Rg3 g6
34. h3 Rc5 35. Re2 Rbxc4 36. bxc4 Rxc4 37. Ra3 c5 38. c3 Bxa4 39. Rea2 Bc6 40.
Rxa5 Rxc3 41. Re2 Rc4 42. Kf3 f5 0-1

[Event "Int. Stuttgarter Stadtmeisterschaft A"]
[Site "Ditzingen"]
[Date "2016.05.06"]
[Round "4.17"]
[White "Lüdke, Joshua"]
[Black "Shahin, Walid"]
[Result "1/2-1/2"]
[WhiteElo "1934"]
[BlackElo "2140"]
[PlyCount "79"]
[EventDate "2016.??.??"]
[WhiteTeam "SV Marbach"]
[BlackTeam "SK Weilheim"]

1. d4 e6 2. e4 d5 3. Nc3 Nf6 4. Bg5 Be7 5. e5 Nfd7 6. Bxe7 Qxe7 7. f4 a6 8. Qg4
f5 9. Qh5+ Qf7 10. Qxf7+ Kxf7 11. O-O-O c5 12. Nf3 Nc6 13. Rg1 Nxd4 14. Nxd4
cxd4 15. Rxd4 Nb8 16. Rb4 b5 17. Rb3 Nc6 18. Ne2 Bd7 19. g4 fxg4 20. Rbg3 g6
21. Rxg4 Ke7 22. c3 b4 23. Nd4 bxc3 24. Nxc6+ Bxc6 25. bxc3 Rhf8 26. Bd3 Bb5
27. Bc2 Rac8 28. Kd2 Rc4 29. Rh4 Rf7 30. Rgg4 Kf8 31. Rh6 d4 32. cxd4 Rd7 33.
Bb3 Rcxd4+ 34. Kc3 Re4 35. Rgh4 Rc7+ 36. Kb2 Bc4 37. Rxh7 Rxh7 38. Rxh7 Rxf4
39. Bxc4 Rxc4 40. Ra7 1/2-1/2

[Event "Int. Stuttgarter Stadtmeisterschaft A"]
[Site "Ditzingen"]
[Date "2016.05.06"]
[Round "4.18"]
[White "Jussupow, Nadia"]
[Black "Merk, Daniel"]
[Result "1-0"]
[WhiteElo "2106"]
[BlackElo "1864"]
[PlyCount "61"]
[EventDate "2016.??.??"]
[WhiteTeam "SK Krumbach"]
[BlackTeam "Schach-Pinguine Sulzbach"]

1. d4 Nf6 2. Nf3 c5 3. d5 d6 4. Nc3 g6 5. e4 Bg7 6. Be2 O-O 7. O-O a6 8. a4 Bg4
9. Nd2 Bxe2 10. Qxe2 Nbd7 11. h3 e6 12. Nc4 exd5 13. exd5 Re8 14. Qd3 Nb6 15.
Bf4 Nxc4 16. Qxc4 Qc7 17. Rae1 Re7 18. Bg5 Rae8 19. Rxe7 Qxe7 20. Qf4 Nh5 21.
Bxe7 Nxf4 22. Bxd6 Ne2+ 23. Nxe2 Rxe2 24. Bxc5 Rxc2 25. b4 Rd2 26. Re1 Bd4 27.
Re8+ Kg7 28. d6 Bf6 29. a5 Rd5 30. g3 Be5 31. Rxe5 1-0

[Event "Int. Stuttgarter Stadtmeisterschaft A"]
[Site "Ditzingen"]
[Date "2016.05.06"]
[Round "4.19"]
[White "Reichenbächer, Thomas"]
[Black "Haas, Wilhelm"]
[Result "1/2-1/2"]
[WhiteElo "1990"]
[BlackElo "2191"]
[PlyCount "131"]
[EventDate "2016.??.??"]
[WhiteTeam "SVG Konstanz"]
[BlackTeam "SC Erdmannhausen"]

1. c4 Nf6 2. Nc3 g6 3. g3 Bg7 4. Bg2 d6 5. d3 O-O 6. Nf3 c6 7. Bd2 Nbd7 8. Qc1
Re8 9. O-O Qc7 10. Rb1 a5 11. Qc2 e5 12. Ng5 h6 13. Nge4 Nxe4 14. dxe4 Nc5 15.
Na4 Nxa4 16. Qxa4 Be6 17. Be3 Kh7 18. Rbc1 Rf8 19. Rfd1 Rfd8 20. Qc2 a4 21. Rd3
Ra6 22. Ra3 Rda8 23. Rd1 c5 24. Kh1 f6 25. f4 Qf7 26. Rc1 g5 27. f5 Bd7 28. Rd3
Bf8 29. Rcd1 Bc6 30. Bf2 b5 31. cxb5 Bxb5 32. Ra3 Bc4 33. Ra1 Rb8 34. Rc3 Bxa2
35. Bf3 Bb3 36. Qd3 Rab6 37. h4 Rb4 38. hxg5 fxg5 39. Kg2 Bc4 40. Qe3 Be7 41.
g4 Kg7 42. Be1 Bb3 43. Rcc1 Rd4 44. Bc3 Bf6 45. Rh1 Rc4 46. Qd3 Rd4 47. Qa6 Qb7
48. Qxb7+ Rxb7 49. e3 Rc4 50. Rhc1 Bd8 51. Be2 Rxe4 52. Bf3 Rbb4 53. Bxb4 Rxb4
54. Kg3 e4 55. Bd1 Bf6 56. Bxb3 Be5+ 57. Kf2 Rxb3 58. Rxa4 Rxb2+ 59. Kf1 Rh2
60. Rcc4 h5 61. gxh5 Kf6 62. Rxe4 Kxf5 63. Rec4 Rxh5 64. Kg2 Rh2+ 65. Kf3 Rh3+
66. Kf2 1/2-1/2

[Event "Int. Stuttgarter Stadtmeisterschaft A"]
[Site "Ditzingen"]
[Date "2016.05.06"]
[Round "4.20"]
[White "Viehoff, Jürgen"]
[Black "Wenner, Tobias"]
[Result "0-1"]
[WhiteElo "1824"]
[BlackElo "2136"]
[PlyCount "108"]
[EventDate "2016.??.??"]
[WhiteTeam "SC Stetten a.d.F."]
[BlackTeam "SC Eppingen"]

1. d4 f5 2. h3 d5 3. Bf4 Nf6 4. Nd2 e6 5. Ngf3 Bd6 6. Ne5 Bxe5 7. Bxe5 Nc6 8.
Nf3 O-O 9. e3 Nxe5 10. Nxe5 c5 11. c3 b6 12. Bd3 Nd7 13. Nxd7 Bxd7 14. Qe2 Qe8
15. f4 c4 16. Bc2 Ba4 17. g4 Bxc2 18. Qxc2 Qe7 19. g5 b5 20. a3 a5 21. O-O b4
22. axb4 axb4 23. h4 b3 24. Qe2 Ra2 25. Rab1 h6 26. Qh5 Qf7 27. Qxf7+ Kxf7 28.
Kg2 Rh8 29. Rh1 hxg5 30. hxg5 Rha8 31. Kf3 Kg6 32. Ke2 Rb8 33. Kf3 Raa8 34. Ra1
Rh8 35. Kg3 Ra2 36. Rhb1 Rb8 37. Kf3 Kf7 38. Kg3 Ke7 39. Kh4 g6 40. Kg3 Kd6 41.
Rh1 Rh8 42. Rxh8 Rxa1 43. Rh2 Rc1 44. Re2 Kc6 45. Kg2 Kb5 46. Kf2 Ka4 47. Re1
Rc2+ 48. Re2 Rxb2 49. Rxb2 Ka3 50. Rd2 b2 51. Rd1 Ka2 52. Ke2 b1=Q 53. Rxb1
Kxb1 54. Kd2 Kb2 0-1

[Event "Int. Stuttgarter Stadtmeisterschaft A"]
[Site "Ditzingen"]
[Date "2016.05.06"]
[Round "4.21"]
[White "Herold, Hansjoerg"]
[Black "Montigel, Philipp"]
[Result "1/2-1/2"]
[WhiteElo "1983"]
[BlackElo "2097"]
[PlyCount "36"]
[EventDate "2016.??.??"]
[WhiteTeam "SV Böckingen"]
[BlackTeam "SV Stuttgart-Wolfbusch"]

1. e4 b6 2. d4 Bb7 3. Bd3 e6 4. Nf3 c5 5. c3 Nf6 6. Qe2 Be7 7. O-O d6 8. Bg5
Nbd7 9. Nbd2 h6 10. Bh4 e5 11. dxe5 dxe5 12. Bg3 Bd6 13. Nc4 Qe7 14. Nxd6+ Qxd6
15. Rfd1 O-O-O 16. Ba6 Qe6 17. Bc4 Qe7 18. Bd5 Nxd5 1/2-1/2

[Event "Int. Stuttgarter Stadtmeisterschaft A"]
[Site "Ditzingen"]
[Date "2016.05.06"]
[Round "4.22"]
[White "Döring, Andreas"]
[Black "Marzev, Ivan"]
[Result "0-1"]
[WhiteElo "2085"]
[BlackElo "1991"]
[PlyCount "118"]
[EventDate "2016.??.??"]
[WhiteTeam "SC Tamm"]
[BlackTeam "SG Ludwigsburg"]

1. e4 c5 2. Nf3 Nc6 3. d4 cxd4 4. Nxd4 g6 5. Nc3 Bg7 6. Be3 Nf6 7. Bc4 O-O 8.
Bb3 Ng4 9. Qxg4 Nxd4 10. Qd1 Nc6 11. Qd2 d6 12. h4 h5 13. f3 Ne5 14. O-O-O Be6
15. Bh6 Rc8 16. Kb1 Nc4 17. Bxc4 Rxc4 18. Bxg7 Kxg7 19. b3 Qb6 20. Ka1 Rc7 21.
Ne2 Qc5 22. Rc1 Qf2 23. Qd4+ Qxd4+ 24. Nxd4 Bd7 25. c4 Rfc8 26. Kb2 Rc5 27.
Rhd1 Kf6 28. f4 R8c7 29. g3 Kg7 30. Re1 Kf6 31. a4 a6 32. Nf3 Kg7 33. e5 Be6
34. exd6 exd6 35. Ng5 Bf5 36. Rcd1 b5 37. cxb5 axb5 38. a5 Rc2+ 39. Ka3 b4+ 40.
Kxb4 Rb7+ 41. Ka3 Rc3 42. Rb1 Bxb1 43. Rxb1 d5 44. Ka4 Rxg3 45. b4 Re3 46. Rb3
d4 47. Rxe3 dxe3 48. a6 Ra7 49. Ka5 e2 50. Nf3 Re7 51. Ne1 Re3 52. a7 Ra3+ 53.
Kb6 Ra1 54. Ng2 f6 55. Kb7 g5 56. hxg5 fxg5 57. a8=Q Rxa8 58. Kxa8 h4 59. b5 h3
0-1

[Event "Int. Stuttgarter Stadtmeisterschaft A"]
[Site "Ditzingen"]
[Date "2016.05.06"]
[Round "4.23"]
[White "Hubel, Merten"]
[Black "Haug, Siegmund"]
[Result "1-0"]
[WhiteElo "2061"]
[BlackElo "1937"]
[PlyCount "73"]
[EventDate "2016.??.??"]
[WhiteTeam "SF Birkenfeld"]
[BlackTeam "SC Pforzheim"]

1. d4 d5 2. c4 e6 3. Nf3 c6 4. g3 f5 5. Bg2 Nf6 6. O-O Be7 7. Nc3 O-O 8. Bf4
Ne4 9. Rc1 Bd7 10. c5 Be8 11. Ne1 Bg5 12. e3 Nd7 13. f3 Nxc3 14. Rxc3 Be7 15.
g4 g5 16. Bg3 f4 17. Bf2 Bg6 18. Nd3 Qc7 19. exf4 gxf4 20. Qe1 Bf7 21. Qd2 Bg6
22. Qe2 Bf7 23. Re1 Rae8 24. Qd2 Qd8 25. Ra3 a6 26. Rb3 Qc8 27. Qxf4 Bg6 28.
Qc1 Bf6 29. f4 Qc7 30. Ne5 Nxe5 31. fxe5 Bd8 32. h4 Qa5 33. h5 Rxf2 34. Kxf2
Bh4+ 35. Ke2 Bxe1 36. hxg6 Qxa2 37. Ra3 1-0